LIBRARY & INFORMATION CENTRE, KCAET, TAVANUR

ONLINE PUBLIC ACCESS CATALOGUE (OPAC)

Kathakaliyude prakaram, Vol 1 / (Record no. 6114)

MARC details
000 -LEADER
fixed length control field 00408cam a2200169ua 4500
041 ## - LANGUAGE CODE
Language code of text/sound track or separate title mal
082 ## - DEWEY DECIMAL CLASSIFICATION NUMBER
Classification number 894.8121
Item number MEN/KA
100 ## - MAIN ENTRY--AUTHOR NAME
Personal name Menon, K P S .
245 ## - TITLE STATEMENT
Title Kathakaliyude prakaram, Vol 1 /
260 ## - PUBLICATION, DISTRIBUTION, ETC. (IMPRINT)
Place of publication Ahammedabad :
Name of publisher Dharpana ,
Year of publication 1963.
300 ## - PHYSICAL DESCRIPTION
Number of Pages 467 ; .
942 ## - ADDED ENTRY ELEMENTS (KOHA)
Koha item type Books
Holdings
Withdrawn status Lost status Damaged status Home library Current library Date acquired Full call number Accession Number Koha item type
Withdrawn     KAUAET Malayalam University 07/04/2012 894.8121 9256 Books
free website counter